| 000 | 01046nam a2200241Ia 4500 | ||
|---|---|---|---|
| 001 | 19462 | ||
| 003 | GE_BSU | ||
| 008 | 181216s||||||||xx |||||||||||||| ||und|| | ||
| 040 | _cGE_BSU | ||
| 080 | _a811.353 | ||
| 100 | _aიმნაიშვილი , ივანე | ||
| 245 | _aსინური მრავალთავი = Синайский Многоглав : გამოკვლევა და ლექსიკონი | ||
| 245 | _cრედაქტორი : ა. შანიძე. | ||
| 250 | _aძველი ქართული ენის კათედრის შრომები , 17. | ||
| 260 | _aთბილისი | ||
| 260 | _bთბილისის უნივერსიტეტის გამომცემლობა | ||
| 260 | _c1975 | ||
| 300 | _a287გვ;26სმ. | ||
| 541 | _h5ლ. | ||
| 653 | _aქართული ენა | ||
| 653 | _aძველი ქართული ენა. ქართული ხელნაწერები | ||
| 942 | _cBK | ||
| 999 |
_c52439 _d52439 |
||